Города Сербии по населению - Statistics

General Stats
  • This quiz has been taken 10 times
  • The average score is 4 of 17
Answer Stats
Место Население Город % Correct
1 1 197 714 Белград
100%
2 260 438 Нови-Сад
67%
3 178 976 Ниш
44%
5 88 752 Суботица
44%
7 71 462 Нови Пазар
33%
9 67 129 Зренянин
22%
6 73 401 Панчево
11%
8 69 598 Чачак
11%
10 59 261 Смедерево
11%
11 57 432 Кралево
11%
12 56 059 Валево
11%
17 50 954 Вране
11%
4 146 315 Крагуевац
0%
13 54 091 Лесковац
0%
14 53 746 Крушевац
0%
15 51 862 Борча
0%
16 51 163 Шабац
0%
No matching quizzes found
Score Distribution
Percent of People with Each Score
Percentile by Number Answered
Your Score History
You have not taken this quiz